ბათუმის შოთა რუსთაველის სახელმწიფო უნივერსიტეტის ბიბლიოთეკა

იაპონური დღიური / (ბიბ.ჩანაწერი № 46906)

000 -ლიდერი
ფიქსირებული სიგრძის საკონტროლო ველი 00898nam a2200229Ia 4500
001 - საკონტროლო ნომერი
საკონტროლო ველი 13759
003 - საკონტროლო ნომრის იდენტიფიკატორი
საკონტროლო ველი GE_BSU
005 - ბოლო ოპერაციის თარიღი და დრო
საკონტროლო ველი 20221024124303.0
008 - ფიქსირებული სიგრძის მონაცემთა ელემენტები - ზოგადი ინფორმაცია
ფიქსირებული სიგრძის საკონტროლო ველი 181216s2007||||ge |||||||||||||| ||geo||
020 ## - წიგნის საერთაშორისო სტანდარტული ნომერი
International Standard Book Number 9789994037346
040 ## - კატალოგიზაციის წყარო
Transcribing agency GE_BSU
041 ## - ენის კოდი
Language code of text/sound track or separate title geo
080 ## - უნივერსალური ათობითი კლასიფიკაციის ინდექსი
Universal Decimal Classification number 72(520)+821.353.1-94 დ-15
100 ## - მთავარი ჩანაწერი - პიროვნების სახელი
Personal name დავითაია, ვახტანგ
9 (RLIN) 15482
245 ## - ცნობა სათაურის შესახებ
Title იაპონური დღიური /
Statement of responsibility, etc ვახტანგ დავითაია ; [რედ. მანანა უკლება].
264 ## - წარმოების, გამოცემის, დისტრიბუციის და სხვა ცნობები
გამოცემის, წარმოების, დისტრიბუციის... ადგილი თბილისი :
გამოცემის, წარმოების, დისტრიბუციის... სახელწოდება შპს იოტა,
გამოცემის, წარმოების, დისტრიბუციის... თარიღი 2007.
300 ## - ფიზიკური აღწერა
Extent 159 გვ.:
Other physical details ილ.;
Dimensions 20სმ.
653 ## - INDEX TERM--UNCONTROLLED
Uncontrolled term იაპონური დღიური
653 ## - INDEX TERM--UNCONTROLLED
Uncontrolled term იაპონური არქიტექტურა
700 ## - ADDED ENTRY--PERSONAL NAME
Personal name უკლება, მანანა, რედაქტორი.
9 (RLIN) 6609
942 ## - ADDED ENTRY ELEMENTS (KOHA)
Koha item type წიგნი
Source of classification or shelving scheme
ეგზემპლარები
ჩამოწერის სტატუსი დაკარგული ეგზემპლარის სტატუსი კლასიფიკაციის წყარო ან თაროზე გაწყობის სქემა დაზიანების სტატუსი არ გაიცემა მუდმივი მდებარეობა (დაცვის ადგილი) ამჟამინდელი ადგილსამყოფელი თაროზე განთავსების ადგილი შეძენის თარიღი სრული შენახვის შიფრი შტრიხკოდი ბოლო ოპერაციის თარიღი ეგზემპლარის მიმდევრობითი ნომერი (კეტერი?) ფასის ძალაში შესვლის თარიღი ეგზემპლარის სახეობა
          ბათუმის შოთა რუსთაველის სახელმწიფო უნივერსიტეტის მთავარი ბიბლიოთეკა ბათუმის შოთა რუსთაველის სახელმწიფო უნივერსიტეტის მთავარი ბიბლიოთეკა წიგნსაცავი 2018-12-17 72(520)+821.353.1-94 დ-15 27277 2018-12-17 27277 2018-12-17 წიგნი